000
00416nam a22000977a 4500
100
_a
Guider
_9
79384
245
_a
20 प्रैक्टिस सेट्स भारतीय वायु सेना GROUP - X तकनीकी ट्रेड परीक्षा
260
_a
नई दिल्ली
_b
Guider Competitive Group
_c
2020
650
_a
सेना विज्ञान
_9
79404
942
_c
HIN
999
_c
63000
_d
63000